ბათუმის შოთა რუსთაველის სახელმწიფო უნივერსიტეტის ბიბლიოთეკა

როგორ ამარილებენ ზღვას (ბიბ.ჩანაწერი № 49942)

000 -LEADER
fixed length control field 00839nam a2200229Ia 4500
001 - CONTROL NUMBER
control field 16878
003 - CONTROL NUMBER IDENTIFIER
control field GE_BSU
008 - FIXED-LENGTH DATA ELEMENTS--GENERAL INFORMATION
fixed length control field 181216s||||||||xx |||||||||||||| ||und||
040 ## - CATALOGING SOURCE
Transcribing agency GE_BSU
080 ## - UNIVERSAL DECIMAL CLASSIFICATION NUMBER
Universal Decimal Classification number 821.353.1-7
100 ## - MAIN ENTRY--PERSONAL NAME
Personal name გერსამია, იასონ
245 ## - TITLE STATEMENT
Title როგორ ამარილებენ ზღვას
245 ## - TITLE STATEMENT
Remainder of title იუმორისტ. მოთხრობები და ფელეტონები.
245 ## - TITLE STATEMENT
Statement of responsibility, etc. რედ.მ,გვასალია
260 ## - PUBLICATION, DISTRIBUTION, ETC.
Place of publication, distribution, etc. სოხუმი
260 ## - PUBLICATION, DISTRIBUTION, ETC.
Name of publisher, distributor, etc. ალაშარა
260 ## - PUBLICATION, DISTRIBUTION, ETC.
Date of publication, distribution, etc. 1969
300 ## - PHYSICAL DESCRIPTION
Extent 362გვ.18სმ
653 ## - INDEX TERM--UNCONTROLLED
Uncontrolled term იუმორისტ. მოთხრობები და ფელეტონები.
653 ## - INDEX TERM--UNCONTROLLED
Uncontrolled term როგორ ამარილებენ ზღვას
942 ## - ADDED ENTRY ELEMENTS (KOHA)
Koha item type წიგნი
ეგზემპლარები
Withdrawn status Lost status Damaged status Not for loan Date acquired Barcode Date last seen Price effective from Koha item type
        2018-12-17 21878 2018-12-17 2018-12-17 წიგნი